000 01587nam a22004217a 4500
001 000096613
003 CHAP
005 20220329143203.0
008 061128d2006 mx r 00110 spa d
010 _a93079
011 _a94051
035 _a104635
040 _cCHAP
090 _aTesis
100 1 _aFraire Cordero, Silvia
_942858
245 1 0 _aEstratificación de beneficiarios de programa de fomento ganadero de la alianza para el campo en el estado de Guanajuato /
_c/por Silvia Fraire Cordero.
260 _aChapingo, Méx. :
_bEl autor,
_c2006.
300 _a93 h. :
_bgráfs.; cuadros.
502 _aTesis (Ing. Agr. Esp. en Zootecnia) - - UACH. Departamento de Zootecnia
590 _aALEPH
_b10
_c20130110
_lUCH01
_h1515
590 _aBATCH-UPD
_b10
_c20130110
_lUCH01
_h0403
590 _aBATCH-UPD
_b10
_c20130410
_lUCH01
_h0037
590 _aBATCH-UPD
_b10
_c20130914
_lUCH01
_h1434
590 _aBATCH-UPD
_b10
_c20140324
_lUCH01
_h1459
590 _aBATCH-UPD
_b10
_c20141002
_lUCH01
_h0832
590 _aCONVERSION
_b10
_c20130109
_lUCH01
_h1351
590 _aE792CSJ
_b10
_c20130604
_lUCH01
_h1357
650 1 4 _aCrédito ganadero
_xGuanajuato.
_929124
650 1 4 _aGanaderia
_xAspectos económicos
_zGuanajuato.
_944600
650 1 4 _aPolítica ganadera
_xGuanajuato.
_990630
856 _3Finding aid
_uhttp://10.13.5.2/tesis/104635.pdf
_zTeclea aquí
901 _aBK
905 _aElisama A. H.
942 _cCD
942 _n0
949 _aTesis
_bBC
_cTES
_d33724002007595
_eTS2
_fc.2
_h45989
_i104635
_si
949 _aTesis
_bBC
_cTES
_d33724002007637
_eTS1
_h45988
_i104635
_sb
999 _c93079
_d93079